[Event "Tournoi Skype 024B"]
[Site "Skype"]
[Date "????.??.??"]
[Round "6.22"]
[White "Harmelle, Dominique"]
[Black "Milanese, Serge"]
[Result "1-0"]
[WhiteElo "1551"]
[BlackElo "1411"]
[PlyCount "107"]

1. Nf3 d5 2. d4 e6 3. Bf4 Nc6 4. e3 Bd6 5. Ne5 Nf6 6. Nd2 Nd7 7. Nxc6 bxc6 8.
Bxd6 cxd6 9. Bd3 Nf6 10. O-O O-O 11. e4 dxe4 12. Nxe4 d5 13. Nc5 a6 14. Re1 Re8
15. c3 Nd7 16. Qh5 g6 17. Qh6 Nxc5 18. dxc5 a5 19. Re3 Qe7 20. b4 axb4 21. cxb4
Ra4 22. a3 Qf6 23. Ree1 Qc3 24. Qe3 Rxa3 25. Rxa3 Qxa3 26. Qd4 Ba6 27. Bxa6
Qxa6 28. Ra1 Qe2 29. h3 e5 30. Qh4 Kg7 31. Ra7 d4 32. Rc7 Qe1+ 33. Kh2 Qxb4 34.
Rxc6 Re6 35. Rxe6 fxe6 36. Qe7+ Kh6 37. Qf8+ Kg5 38. h4+ Kxh4 39. Qh6+ Kg4 40.
f3+ Kf5 41. g4+ Kf6 42. Qf8+ Kg5 43. Qe7+ Kf4 44. Qf6+ Ke3 45. Qxe5+ Kxf3 46.
Qg3+ Ke4 47. Qg2+ Kf4 48. c6 Qe7 49. Qg3+ Ke4 50. c7 Qc5 51. Kh3 d3 52. Qg2+
Kd4 53. Qf2+ Kc4 54. Qxc5+ 1-0

[Event "Tournoi Skype 024B"]
[Site "Skype"]
[Date "????.??.??"]
[Round "6.23"]
[White "De Coninck, Philippe"]
[Black "Rosenkoetter, David"]
[Result "0-1"]
[WhiteElo "1475"]
[BlackElo "1000"]
[PlyCount "58"]

1. e4 g6 2. Nf3 Bg7 3. Bc4 e6 4. d4 d6 5. Nc3 Nd7 6. O-O Ne7 7. Bf4 Nb6 8. Bb3
Nc6 9. Qd2 O-O 10. Bh6 Bxh6 11. Qxh6 Qf6 12. Ng5 Qg7 13. Qh4 h6 14. Nf3 Nxd4
15. Nxd4 Qxd4 16. Qxh6 Qg7 17. Qh4 e5 18. f4 exf4 19. Qxf4 Qd4+ 20. Kh1 Bd7 21.
Bxf7+ Kg7 22. Rad1 Qe5 23. Qf2 Rh8 24. h4 Raf8 25. Nd5 Nxd5 26. Rxd5 Qe7 27.
Qd4+ Kh7 28. Bxg6+ Kxg6 29. Rg5+ Qxg5 0-1

[Event "Tournoi Skype 024B"]
[Site "Skype"]
[Date "????.??.??"]
[Round "6.24"]
[White "Almiron, Patricia"]
[Black "Pouteau, Pascal"]
[Result "0-1"]
[WhiteElo "1304"]
[BlackElo "1470"]
[PlyCount "84"]

1. d4 d5 2. Nf3 Nf6 3. c4 e6 4. e3 Bb4+ 5. Nbd2 O-O 6. a3 Be7 7. Bd3 Nbd7 8.
O-O b6 9. cxd5 exd5 10. Ng5 c5 11. Qf3 h6 12. Nh7 Nxh7 13. Qxd5 Rb8 14. Bxh7+
Kxh7 15. dxc5 Nxc5 16. Qc4 Ba6 17. Qb4 Bxf1 18. Kxf1 Qd6 19. g3 Rfd8 20. a4 Qd5
21. Kg1 Rb7 22. e4 Nxe4 23. Qxe4+ Qxe4 24. Nxe4 Rd1+ 25. Kg2 Rbd7 26. Nc3 Re1
27. Rb1 Bb4 28. h4 Bxc3 29. bxc3 Rdd1 30. a5 Rxc1 31. Rxc1 Rxc1 32. a6 Rxc3 33.
g4 b5 34. g5 hxg5 35. hxg5 b4 36. f4 b3 37. f5 b2 38. g6+ fxg6 39. fxg6+ Kxg6
40. Kf2 b1=Q 41. Kg2 Qb2+ 42. Kh1 Rc1# 0-1

[Event "Tournoi Skype 024B"]
[Site "Skype"]
[Date "????.??.??"]
[Round "6.25"]
[White "Teles, Jeferson Lisboa"]
[Black "Mimouni, Driss"]
[Result "1-0"]
[WhiteElo "1554"]
[BlackElo "1058"]
[PlyCount "81"]

1. Nf3 Nc6 2. g3 d5 3. Bg2 e5 4. d3 Bb4+ 5. c3 Bc5 6. O-O Nf6 7. Nxe5 Nxe5 8.
d4 Bd6 9. dxe5 Bxe5 10. f4 Bd6 11. Bxd5 Be6 12. Bxb7 Rb8 13. Qa4+ Bd7 14. Qxa7
O-O 15. Bf3 Rb6 16. b4 c5 17. Be3 Qb8 18. Qxb8 Rbxb8 19. bxc5 Bh3 20. Rd1 Rbd8
21. Rxd6 Rxd6 22. cxd6 Re8 23. Kf2 Ng4+ 24. Bxg4 Bxg4 25. Nd2 Rd8 26. Bc5 Rc8
27. Bb4 Re8 28. e3 g5 29. fxg5 Kg7 30. h4 Rd8 31. Ne4 Bf5 32. Nf6 h6 33. e4 Be6
34. e5 hxg5 35. hxg5 Kg6 36. Ba5 Rc8 37. d7 Rh8 38. d8=Q Rh2+ 39. Kf3 Kxg5 40.
Ng4+ Kf5 41. Qf6# 1-0

[Event "Tournoi Skype 024B"]
[Site "Skype"]
[Date "????.??.??"]
[Round "6.26"]
[White "Torres, Vicky"]
[Black "Baker, Abi"]
[Result "1-0"]
[WhiteElo "1333"]
[BlackElo "1198"]
[PlyCount "141"]

1. Nf3 d5 2. d4 g6 3. Bf4 Bg7 4. e3 Nd7 5. c3 f6 6. h3 e5 7. dxe5 fxe5 8. Bg3
e4 9. Nh2 Ne7 10. Be2 c5 11. O-O O-O 12. Nd2 d4 13. Bc4+ Kh8 14. Nxe4 dxe3 15.
fxe3 Rxf1+ 16. Nxf1 a6 17. Nd6 Qb6 18. Nf7+ Kg8 19. Qc2 Qf6 20. Qd3 b5 21. Qd6
bxc4 22. Qxf6 Nxf6 23. Nd6 Be6 24. Nd2 Ned5 25. N6xc4 Bh6 26. Bf2 a5 27. Nf3 a4
28. a3 Re8 29. Nce5 Nxe3 30. Re1 c4 31. Bxe3 Bxe3+ 32. Rxe3 Rd8 33. Nd4 Rd5 34.
Kf2 Kg7 35. Nec6 Bd7 36. Nb4 h5 37. Nxd5 Nxd5 38. Re5 Nf4 39. Re7+ Kf6 40. Rxd7
Nd3+ 41. Kg3 Nxb2 42. Rd6+ Kg5 43. Nf3+ Kh6 44. Ne5 Kg5 45. Nxg6 Nd3 46. h4+
Kh6 47. Ne5+ Kg7 48. Nxc4 Ne1 49. Ne5 Nc2 50. c4 Nxa3 51. Ra6 Nxc4 52. Nxc4 Kf7
53. Rxa4 Kf6 54. Kf4 Kg6 55. Ne5+ Kf6 56. Ra6+ Ke7 57. Rh6 Kf8 58. Rxh5 Kg7 59.
g4 Kf6 60. g5+ Kg7 61. Kf5 Kg8 62. Kf6 Kf8 63. Kg6 Kg8 64. Rh7 Kf8 65. Rh8+ Ke7
66. Kf5 Kd6 67. g6 Ke7 68. g7 Kd6 69. Rd8+ Ke7 70. Rd7+ Ke8 71. g8=Q# 1-0

[Event "Tournoi Skype 024B"]
[Site "Skype"]
[Date "????.??.??"]
[Round "6.27"]
[White "Gerbaux, Regis"]
[Black "Cengiz, Ali Ekber"]
[Result "1-0"]
[WhiteElo "1331"]
[BlackElo "1176"]
[PlyCount "55"]

1. d4 d5 2. Nf3 Nf6 3. e3 Bf5 4. Bd3 Bxd3 5. Qxd3 h6 6. O-O c6 7. b3 e6 8. a3
Bd6 9. Nc3 Qc7 10. h3 Nbd7 11. Re1 Nh7 12. e4 dxe4 13. Nxe4 Be7 14. c4 O-O-O
15. Bb2 Nhf6 16. d5 Nxe4 17. Qxe4 Nc5 18. Qe3 f6 19. b4 Na4 20. Qxe6+ Rd7 21.
Bd4 Bd6 22. dxc6 bxc6 23. c5 Be5 24. Nxe5 fxe5 25. Bxe5 Qd8 26. Qxc6+ Rc7 27.
Qa8+ Kd7 28. Rad1+ 1-0

[Event "Tournoi Skype 024B"]
[Site "Skype"]
[Date "????.??.??"]
[Round "6.28"]
[White "Vervoort, Jean-Louis"]
[Black "Moumtaz, Abderrahim"]
[Result "0-1"]
[WhiteElo "1217"]
[BlackElo "1292"]
[PlyCount "52"]

1. d4 Nf6 2. c4 e6 3. Nc3 d5 4. Bg5 Be7 5. Bxf6 Bxf6 6. e3 Nd7 7. cxd5 exd5 8.
Nxd5 O-O 9. Bd3 Be7 10. a3 c6 11. Nc3 Nf6 12. Nf3 Bg4 13. O-O Re8 14. h3 Bh5
15. g4 Bg6 16. Bxg6 hxg6 17. g5 Nh5 18. h4 Bd6 19. Qb3 Qc7 20. Rae1 Rab8 21.
Re2 Qc8 22. Kg2 Qg4+ 23. Kh1 Qxf3+ 24. Kg1 Qg4+ 25. Kh1 Qh3+ 26. Kg1 Qh2# 0-1

[Event "Tournoi Skype 024B"]
[Site "Skype"]
[Date "????.??.??"]
[Round "6.29"]
[White "Hargez, Dany"]
[Black "Porcabeuf, Jean-Marc"]
[Result "1-0"]
[WhiteElo "1277"]
[BlackElo "1098"]
[PlyCount "33"]

1. e4 e5 2. d4 exd4 3. Nf3 Nc6 4. Bc4 h6 5. O-O Nf6 6. e5 Ne4 7. Bd5 f5 8. exf6
Nxf6 9. Re1+ Be7 10. Nxd4 Nxd5 11. Nxc6 dxc6 12. c4 O-O 13. cxd5 cxd5 14. Qb3
Be6 15. Rxe6 Bc5 16. Be3 d4 17. Rd6+ 1-0

[Event "Tournoi Skype 024B"]
[Site "Skype"]
[Date "????.??.??"]
[Round "6.30"]
[White "Farfallini, Michel"]
[Black "Le Bouill, Pierre"]
[Result "1-0"]
[WhiteElo "1185"]
[BlackElo "1265"]
[PlyCount "53"]

1. e4 d5 2. exd5 Qxd5 3. Nc3 Qe6+ 4. Be2 Nf6 5. d3 b6 6. Be3 Bb7 7. Bf3 c6 8.
Nge2 g6 9. Qd2 Na6 10. d4 Ng4 11. O-O-O Nxe3 12. fxe3 Nb4 13. Kb1 O-O-O 14. a3
Nd5 15. Nxd5 cxd5 16. Nc3 a6 17. Rhe1 f5 18. h3 Bg7 19. e4 fxe4 20. Bg4 Qxg4
21. hxg4 h5 22. g5 e5 23. Rf1 exd4 24. Ne2 e3 25. Qd3 Rd6 26. Rf7 b5 27. Rxg7
1-0

[Event "Tournoi Skype 024B"]
[Site "Skype"]
[Date "????.??.??"]
[Round "6.32"]
[White "Sanchez, Pedro"]
[Black "Lecluyse, Koenraad"]
[Result "1-0"]
[WhiteElo "1000"]
[BlackElo "1227"]
[PlyCount "69"]

1. e4 e6 2. a3 d5 3. Nc3 c6 4. d4 g6 5. Nf3 Ne7 6. Bg5 Bg7 7. Be2 a5 8. O-O Qb6
9. exd5 cxd5 10. Bb5+ Nbc6 11. a4 Qc7 12. Re1 O-O 13. Qd3 Nf5 14. Nh4 Nxh4 15.
Bxh4 Nb4 16. Qd2 Qd6 17. Ne2 Nc6 18. Ng3 Bxd4 19. Bxc6 Bxb2 20. Ra2 Be5 21. Bb5
Bxg3 22. Bxg3 Qc5 23. Qh6 Qe7 24. Be5 f6 25. Bf4 b6 26. Re3 Bb7 27. Rh3 Rf7 28.
c4 dxc4 29. Bxc4 Rd8 30. Ra1 Rd4 31. Rb1 Rxc4 32. Rxb6 Bd5 33. Rb8+ Rf8 34.
Rxf8+ Qxf8 35. Qxh7# 1-0

[Event "Tournoi Skype 024B"]
[Site "Skype"]
[Date "????.??.??"]
[Round "6.34"]
[White "Tembhurnekar, Ritu"]
[Black "Khatanhar, Mohit"]
[Result "1-0"]
[WhiteElo "1000"]
[BlackElo "1299"]
[PlyCount "41"]

1. e4 e5 2. Nf3 Nc6 3. Bc4 h6 4. h3 a6 5. O-O Nf6 6. Nc3 Be7 7. d4 exd4 8. Nxd4
Nxd4 9. Qxd4 O-O 10. e5 Nh7 11. Bd3 d6 12. Qe4 f5 13. Qd5+ Kh8 14. e6 Qe8 15.
Bxf5 Qh5 16. g4 Qxh3 17. Bf4 Bg5 18. Ne2 Bxf4 19. Nxf4 Qh4 20. Ng6+ Kg8 21.
Nxh4 1-0

[Event "Tournoi Skype 024B"]
[Site "Skype"]
[Date "????.??.??"]
[Round "6.36"]
[White "Bustos, Ricardo"]
[Black "Barrionuevo, Hilario"]
[Result "0-1"]
[WhiteElo "1232"]
[BlackElo "1000"]
[PlyCount "35"]

1. d4 d5 2. c4 Nc6 3. cxd5 Nb4 4. Qa4+ Bd7 5. Qxb4 e6 6. Nf3 Bxb4+ 7. Nc3 exd5
8. e3 Nf6 9. Bd2 a5 10. Be2 O-O 11. O-O Bd6 12. a3 Re8 13. Bd3 Ng4 14. h3 Nh2
15. Nxh2 Bxh2+ 16. Kxh2 Qg5 17. Rad1 Bxh3 18. g3 0-1

[Event "Tournoi Skype 024B"]
[Site "Skype"]
[Date "????.??.??"]
[Round "6.38"]
[White "Uribe, Tata"]
[Black "Homme, Jim"]
[Result "1-0"]
[WhiteElo "1000"]
[BlackElo "1184"]
[PlyCount "59"]

1. e4 e5 2. Nf3 Nf6 3. Nxe5 d6 4. Nf3 Nxe4 5. d3 Nc5 6. b4 Ne6 7. Bb2 Be7 8.
Nc3 Nc6 9. b5 Ne5 10. Be2 b6 11. O-O O-O 12. Qd2 Nxf3+ 13. Bxf3 Bg5 14. Qe2 Rb8
15. Rae1 Bd7 16. a4 Nf4 17. Qe4 Re8 18. Qd4 Ne6 19. Qg4 Nc5 20. Qh5 Bf6 21. Nd5
Bxb2 22. Rb1 Be5 23. Be4 Qc8 24. Qxh7+ Kf8 25. Rbe1 Ne6 26. Re2 Nd4 27. Re3
Nxc2 28. Rf3 Nd4 29. Rg3 Bxg3 30. Qh8# 1-0

[Event "Tournoi Skype 024B"]
[Site "Skype"]
[Date "????.??.??"]
[Round "6.39"]
[White "Conde, Carmen"]
[Black "Alverson, Ginny"]
[Result "1-0"]
[WhiteElo "1000"]
[BlackElo "1168"]
[PlyCount "127"]

1. e4 Nf6 2. d4 Nxe4 3. Qe2 d5 4. Nf3 Bf5 5. Bf4 Nd7 6. Qb5 Qb8 7. Qxd5 e5 8.
dxe5 Bb4+ 9. c3 Nxc3 10. bxc3 Be7 11. Bc4 O-O 12. O-O Nb6 13. Qd4 Nxc4 14. Qxc4
b5 15. Qb3 Be6 16. Qc2 Qb6 17. Nbd2 Bc5 18. Be3 Bxe3 19. Ng5 Bxg5 20. Nf3 Be3
21. fxe3 Qxe3+ 22. Rf2 Rad8 23. Re1 Qh6 24. h4 Bg4 25. Qe4 Bxf3 26. Rxf3 Qd2
27. e6 fxe6 28. Qxe6+ Kh8 29. Rfe3 Qf2+ 30. Kh2 Qxh4+ 31. Kg1 Qf2+ 32. Kh2 Qf4+
33. g3 Qf2+ 34. Kh3 Rd2 35. Kg4 Qh2 36. Qe7 h5+ 37. Kg5 Rd5+ 38. Re5 Qxg3+ 39.
Kxh5 Qh2+ 40. Kg5 Rxe5+ 41. Rxe5 Qf4+ 42. Kh5 Rf5+ 43. Rxf5 Qxf5+ 44. Kh4 Qh7+
45. Kg4 Qg6+ 46. Kf4 Qh6+ 47. Kf5 g6+ 48. Ke6 Qh3+ 49. Kf7 Qh7+ 50. Kf6 Qh4+
51. Ke6 Qg4+ 52. Kf7 Qf5+ 53. Ke8 g5 54. Qxc7 g4 55. Qh2+ Kg7 56. Qc7+ Kh6 57.
Qxa7 Qe5+ 58. Kd7 Qg7+ 59. Kc6 Qxa7 60. Kxb5 g3 61. a4 g2 62. a5 g1=Q 63. c4
Qb1+ 64. Kc6 1-0

[Event "Tournoi Skype 024B"]
[Site "Skype"]
[Date "????.??.??"]
[Round "6.40"]
[White "Tekes, Gamze"]
[Black "Ramirez, Luis Antonio"]
[Result "1-0"]
[WhiteElo "1010"]
[BlackElo "1000"]
[PlyCount "33"]

1. e4 e5 2. Nc3 Nc6 3. Nf3 d6 4. Bb5 a6 5. Ba4 b5 6. Nd5 bxa4 7. d3 Nf6 8. O-O
Ng4 9. c3 Be7 10. Re1 O-O 11. Qxa4 Bd7 12. Bd2 Bg5 13. Nxg5 Nd4 14. Qd1 Nxf2
15. Kxf2 Nf5 16. Qh5 g6 17. Qxh7# 1-0

[Event "Tournoi Skype 024B"]
[Site "Skype"]
[Date "????.??.??"]
[Round "6.41"]
[White "Latterra, Jeremias"]
[Black "Canova, Felix"]
[Result "1-0"]
[WhiteElo "1000"]
[BlackElo "1000"]
[PlyCount "79"]

1. d4 d5 2. c4 e5 3. e3 Nd7 4. Bd3 Ne7 5. Nf3 dxc4 6. Bxc4 Nb6 7. Bb3 Nf5 8.
Ng5 Bd7 9. Nxf7 Qe7 10. Nxh8 O-O-O 11. O-O Qe8 12. Nf7 Be7 13. Nxd8 Bxd8 14.
Nc3 a6 15. Nd5 Nxd5 16. Bxd5 c6 17. Qc2 Bc7 18. Be4 Nd6 19. d5 Bf5 20. Bxf5+
Kb8 21. Bxh7 e4 22. dxc6 Bb6 23. cxb7 Nxb7 24. Bxe4 Nc5 25. Bf5 g6 26. Bxg6 Qc6
27. Qf5 Qe6 28. Re1 Qxf5 29. Bxf5 a5 30. e4 Ka7 31. e5 a4 32. e6 Ba5 33. Re5
Bb6 34. e7 Nd3 35. Rd5 Nf4 36. Bxf4 Ka6 37. e8=Q Bc5 38. Bd3+ Kb6 39. Be3 Ka5
40. Rxc5+ 1-0

[Event "Tournoi Skype 024B"]
[Site "Skype"]
[Date "????.??.??"]
[Round "6.42"]
[White "Schuh, David"]
[Black "Marty, Yvette"]
[Result "1-0"]
[WhiteElo "1000"]
[BlackElo "1000"]
[PlyCount "43"]

1. e4 c6 2. Nf3 e5 3. Bc4 Nf6 4. Nc3 d6 5. d3 Nbd7 6. O-O Be7 7. a3 c5 8. b4
O-O 9. bxc5 Nxc5 10. Rb1 Qa5 11. Rb4 Qxa3 12. Bxa3 Rb8 13. Nd5 Nxd5 14. Bxd5
Na6 15. Rb5 Nc7 16. Rb3 Nxd5 17. exd5 b5 18. Nxe5 dxe5 19. Bxe7 Re8 20. Qa1 Rb7
21. Bc5 Rb6 22. Bxb6 1-0

[Event "Tournoi Skype 024B"]
[Site "Skype"]
[Date "????.??.??"]
[Round "7.1"]
[White "Calderon, Francisco"]
[Black "Kruzeniski, Randy"]
[Result "0-1"]
[WhiteElo "1000"]
[BlackElo "1435"]
[PlyCount "122"]

1. e4 c5 2. Nf3 d6 3. Bc4 Nf6 4. d3 g6 5. Nc3 Nc6 6. h3 Bg7 7. a3 O-O 8. Be3 a6
9. Ne2 b5 10. Ba2 e5 11. c3 Bd7 12. g4 a5 13. Ng3 h6 14. g5 hxg5 15. Bxg5 Qc8
16. Ng1 Nh7 17. Qd2 Be6 18. h4 Bxa2 19. Rxa2 Qe6 20. Ra1 f6 21. Be3 a4 22. h5
g5 23. Nf5 Na5 24. Qd1 Nb3 25. Rb1 Rf7 26. Nh3 Bf8 27. Qg4 Kh8 28. Rg1 d5 29.
f3 d4 30. Bd2 Nxd2 31. Kxd2 dxc3+ 32. Kxc3 Qb3+ 33. Kd2 Rd8 34. Nf2 c4 35. Rgd1
cxd3 36. Ke1 Qc2 37. Kf1 Bc5 38. Qg3 Bxf2 39. Qxf2 Qxf2+ 40. Kxf2 Rc7 41. Ke1
Rc2 42. Ne3 Re2+ 43. Kf1 Rxe3 44. Rd2 Rxf3+ 45. Kg2 Rf4 46. Re1 g4 47. Re3 Ng5
48. Rexd3 Rxd3 49. Rxd3 Nxe4 50. Rd8+ Kg7 51. Rb8 Rf2+ 52. Kg1 Rxb2 53. Rb6 g3
54. Rc6 Kh6 55. Rc1 Kxh5 56. Re1 f5 57. Rf1 Kg4 58. Re1 g2 59. Kh2 Kf3 60. Rd1
Nf2 61. Rd3+ Nxd3 0-1

[Event "Tournoi Skype 024B"]
[Site "Skype"]
[Date "????.??.??"]
[Round "7.2"]
[White "Mishra, Sourabh"]
[Black "Tiberio, Pedro"]
[Result "1/2-1/2"]
[WhiteElo "1000"]
[BlackElo "1000"]
[PlyCount "35"]

1. e4 e6 2. Nf3 d5 3. exd5 exd5 4. d4 Bd6 5. Nc3 Nf6 6. Bg5 c6 7. Qe2+ Be6 8.
O-O-O O-O 9. Re1 Nbd7 10. Qd3 Qb6 11. Na4 Qc7 12. h3 b5 13. Nc3 a5 14. a3 b4
15. Nb1 Rfb8 16. a4 Ne4 17. Be3 Bf4 18. Qe2 1/2-1/2

[Event "Tournoi Skype 024B"]
[Site "Skype"]
[Date "????.??.??"]
[Round "7.3"]
[White "Legueltel, Daniel"]
[Black "Carballo, Jorge"]
[Result "1/2-1/2"]
[WhiteElo "1544"]
[BlackElo "1398"]
[PlyCount "20"]

1. e4 e5 2. Nf3 Nc6 3. d4 exd4 4. Nxd4 d6 5. Nc3 Nf6 6. Bg5 Be7 7. Be2 Nxe4 8.
Nxc6 bxc6 9. Nxe4 Bxg5 10. Nxg5 Qxg5 1/2-1/2

[Event "Tournoi Skype 024B"]
[Site "Skype"]
[Date "????.??.??"]
[Round "7.4"]
[White "Escudero Ocana, Francisco"]
[Black "Couto, Januario"]
[Result "1/2-1/2"]
[WhiteElo "1363"]
[BlackElo "1441"]
[PlyCount "48"]

1. e4 d5 2. exd5 Qxd5 3. Nc3 Qd6 4. Nf3 a6 5. Bc4 Nf6 6. d3 b5 7. Bb3 Bb7 8.
O-O e6 9. Bg5 Be7 10. Re1 O-O 11. Bxf6 Bxf6 12. Nd2 Bxc3 13. bxc3 Nd7 14. Ne4
Bxe4 15. Rxe4 Nc5 16. Rh4 Nxb3 17. cxb3 Qd5 18. d4 Rad8 19. Qc2 g6 20. Re1 f5
21. Re5 Qd7 22. f4 Qe7 23. g3 Rd5 24. Rxd5 exd5 1/2-1/2

[Event "Tournoi Skype 024B"]
[Site "Skype"]
[Date "????.??.??"]
[Round "7.5"]
[White "Martin, Jean-Claude"]
[Black "Morelli, Daniel"]
[Result "0-1"]
[WhiteElo "1471"]
[BlackElo "1351"]
[PlyCount "92"]

1. d4 d5 2. c4 Nf6 3. Nc3 e6 4. Nf3 a6 5. Bg5 Be7 6. e3 Nbd7 7. Bd3 c5 8. dxc5
Nxc5 9. b4 Nxd3+ 10. Qxd3 Bxb4 11. O-O Be7 12. cxd5 O-O 13. Rfd1 Nd7 14. Bxe7
Qxe7 15. dxe6 fxe6 16. Ne4 Nf6 17. Nxf6+ Qxf6 18. Qe4 h6 19. Qe5 b5 20. Qxf6
gxf6 21. Rd6 Re8 22. Rad1 Bb7 23. Nd4 Bd5 24. a3 Red8 25. Rxd8+ Rxd8 26. Nxe6
Rc8 27. f3 Bxe6 28. Rd6 Kf7 29. Rxa6 Rc3 30. e4 h5 31. Ra7+ Kg6 32. Ra6 Bc4 33.
e5 Kf7 34. Rxf6+ Ke7 35. Rh6 Rxa3 36. Rxh5 b4 37. Rh4 Rc3 38. Rh7+ Ke6 39. f4
b3 40. Rh6+ Kf5 41. e6 Bxe6 42. Rh5+ Kg6 43. Rb5 Rc2 44. f5+ Kf6 45. fxe6 b2
46. e7 Kxe7 0-1

[Event "Tournoi Skype 024B"]
[Site "Skype"]
[Date "????.??.??"]
[Round "7.6"]
[White "Franca, Diego"]
[Black "Khabou, Taha"]
[Result "0-1"]
[WhiteElo "1359"]
[BlackElo "1344"]
[PlyCount "104"]

1. d4 Nf6 2. g3 d5 3. Bg2 e6 4. Nf3 c5 5. c3 Nc6 6. O-O Bd6 7. b3 b5 8. Nbd2
Bb7 9. Bb2 O-O 10. dxc5 Bxc5 11. e3 Ng4 12. Re1 Qb6 13. Nf1 a5 14. Ng5 Nge5 15.
Qb1 Ng6 16. Bf3 h6 17. Nxf7 Kxf7 18. Bh5 Nce7 19. a3 e5 20. Bxg6+ Qxg6 21. b4
Qxb1 22. Rexb1 axb4 23. axb4 Rxa1 24. Rxa1 Bd6 25. Ra7 Bc6 26. Nd2 e4 27. Nb3
Kg8 28. Nd4 Rb8 29. Nxc6 Nxc6 30. Ra6 Rc8 31. Rb6 Be5 32. Rxb5 Ne7 33. Rb7 Kf7
34. b5 Bxc3 35. Ba3 Bf6 36. Kg2 Ke6 37. Rb6+ Kd7 38. Bd6 Nc6 39. Bf4 Na5 40.
Rd6+ Ke7 41. Rxd5 Nc4 42. g4 Ke6 43. Rh5 Rd8 44. g5 hxg5 45. Bxg5 Rd5 46. h4
Rxb5 47. Kg3 g6 48. Rh6 Bxg5 49. Rxg6+ Bf6 50. f4 Nxe3 51. Rg8 Nf5+ 52. Kg4
Nh6+ 0-1

[Event "Tournoi Skype 024B"]
[Site "Skype"]
[Date "????.??.??"]
[Round "7.7"]
[White "Navghane, Rahul"]
[Black "Amato, Ludovica"]
[Result "1-0"]
[WhiteElo "1482"]
[BlackElo "1289"]
[PlyCount "117"]

1. e4 e5 2. Nf3 Nf6 3. Nxe5 d6 4. Nf3 Nxe4 5. Bc4 d5 6. Bb3 Be7 7. d3 Nc5 8.
Be3 Nxb3 9. axb3 O-O 10. O-O Nc6 11. c3 Bf5 12. b4 a6 13. Nd4 Nxd4 14. Bxd4 Re8
15. Qf3 Qd7 16. h3 Bg6 17. Nd2 Qf5 18. Rfd1 Qd7 19. Nb3 Rad8 20. Nc5 Qc6 21.
Ra5 Rd6 22. Be5 Rdd8 23. d4 f6 24. Bg3 Bf7 25. b3 Bd6 26. c4 Bxg3 27. b5 axb5
28. cxb5 Qb6 29. b4 Bh4 30. Rda1 c6 31. Ra7 Re1+ 32. Rxe1 Qxa7 33. Re7 Qa1+ 34.
Kh2 Qxd4 35. bxc6 bxc6 36. Nb7 Qxb4 37. Rc7 Qe1 38. g3 Bg5 39. Nxd8 Bg6 40. Qg2
Be4 41. Qg1 Qe2 42. Ne6 Bh6 43. Rxc6 Be3 44. Nf4 Qd2 45. Ng2 Bxf2 46. Qa1 Bxg2
47. Qa8+ Kf7 48. Qb7+ Kg6 49. Qc8 Be4 50. Qe8+ Kh6 51. h4 d4 52. Qxe4 Be3+ 53.
Kh3 d3 54. Rd6 Qe2 55. Rxd3 Qf1+ 56. Kg4 Bf2 57. Rf3 Qg2 58. Qf5 Be1 59. Qh5#
1-0

[Event "Tournoi Skype 024B"]
[Site "Skype"]
[Date "????.??.??"]
[Round "7.9"]
[White "Yanez, Leticia Jorgelina"]
[Black "Duthoit, Bernard"]
[Result "1-0"]
[WhiteElo "1293"]
[BlackElo "1410"]
[PlyCount "97"]

1. d4 d5 2. Nf3 e6 3. a3 Nf6 4. e3 c5 5. b3 Qc7 6. Bb2 Bd6 7. Bd3 Nbd7 8. Nbd2
Nf8 9. Qe2 Ng6 10. Bb5+ Bd7 11. Bxd7+ Qxd7 12. Ne5 Nxe5 13. dxe5 Bxe5 14. Bxe5
Qe7 15. Bxf6 gxf6 16. Qb5+ Qd7 17. Qxd7+ Kxd7 18. c4 Kc6 19. cxd5+ exd5 20. O-O
b6 21. Nf3 Rhg8 22. Rac1 Rae8 23. Rfe1 Re4 24. Nd2 Re5 25. b4 c4 26. Nf3 Re4
27. Nd4+ Kc7 28. Red1 Rd8 29. Rc3 a6 30. Nf5 b5 31. Rd4 Rxd4 32. Nxd4 Re8 33.
Kf1 h5 34. Ke2 h4 35. Kf3 Re4 36. Nf5 Kd7 37. h3 Ke6 38. Nh6 f5 39. g3 hxg3 40.
Kxg3 d4 41. exd4 Rxd4 42. Kf3 Rd3+ 43. Rxd3 cxd3 44. Ke3 d2 45. Kxd2 Kf6 46.
Ng8+ Kg5 47. Ne7 f4 48. Nd5 Kh4 49. Nc7 1-0

[Event "Tournoi Skype 024B"]
[Site "Skype"]
[Date "????.??.??"]
[Round "7.11"]
[White "Vincent, Andre"]
[Black "Maccaferri, Massimo"]
[Result "0-1"]
[WhiteElo "1330"]
[BlackElo "1248"]
[PlyCount "86"]

1. d4 e5 2. dxe5 Nc6 3. Nf3 Qe7 4. Bf4 Qb4+ 5. Bd2 Qxb2 6. Bc3 Qb6 7. e3 Bb4 8.
Bd3 Bxc3+ 9. Nxc3 Qb2 10. Ne4 Nxe5 11. O-O Nxf3+ 12. Qxf3 d5 13. Ng5 Nf6 14. h3
h6 15. Nxf7 Kxf7 16. g4 Qe5 17. Bf5 h5 18. Bxc8 Raxc8 19. Qf5 Rce8 20. Qxe5
Rxe5 21. f3 Rxe3 22. Rae1 d4 23. Rxe3 dxe3 24. c4 hxg4 25. hxg4 e2 26. Re1 Re8
27. Kf2 c6 28. Rxe2 Rd8 29. Ke3 b5 30. Rd2 bxc4 31. Rxd8 Ke7 32. Ra8 Nd5+ 33.
Kd2 c3+ 34. Kd3 Kd6 35. Rxa7 c5 36. Ra6+ Ke5 37. Kc4 c2 38. Kxc5 c1=Q+ 39. Kb5
Nc7+ 40. Kb6 Nxa6 41. Kxa6 Qa3+ 42. Kb6 Kd6 43. f4 Qc5+ 0-1

[Event "Tournoi Skype 024B"]
[Site "Skype"]
[Date "????.??.??"]
[Round "7.12"]
[White "Yilmazer, Seher"]
[Black "Castellar, Juarez Iorio"]
[Result "1-0"]
[WhiteElo "1173"]
[BlackElo "1324"]
[PlyCount "99"]

1. d4 Nf6 2. c4 g6 3. Nc3 Bg7 4. e4 d6 5. Nf3 Bg4 6. h3 Bxf3 7. Qxf3 O-O 8. e5
dxe5 9. dxe5 Ne8 10. Qxb7 Nd7 11. f4 e6 12. Be3 Qb8 13. Qxb8 Rxb8 14. O-O-O Nb6
15. c5 Nc8 16. c6 Nb6 17. Bc5 Bh6 18. g3 Ng7 19. Bxf8 Kxf8 20. Rg1 Nf5 21. Kb1
Ne7 22. Ne4 Bg7 23. Rc1 Nbd5 24. Nc5 Ke8 25. Na6 Rb6 26. a4 Nxc6 27. Rxc6 Rxc6
28. Bb5 Ne7 29. Rc1 Kd7 30. Nb8+ Kc8 31. Nxc6 Bf8 32. Ba6+ Kd7 33. Nxa7 Nd5 34.
Bb5+ Kd8 35. Nc6+ Kc8 36. a5 Kb7 37. Nd8+ Ka7 38. Be8 Bb4 39. Nc6+ Ka6 40.
Nxb4+ Nxb4 41. Rxc7 Kxa5 42. Rxf7 h6 43. Rf6 g5 44. Rxe6 gxf4 45. gxf4 Nd3 46.
f5 Nf4 47. Rxh6 Kb4 48. f6 Ne6 49. f7 Nf8 50. e6 1-0

[Event "Tournoi Skype 024B"]
[Site "Skype"]
[Date "????.??.??"]
[Round "7.14"]
[White "Rosenkoetter, David"]
[Black "Hernandez, George"]
[Result "0-1"]
[WhiteElo "1000"]
[BlackElo "1378"]
[PlyCount "102"]

1. Nf3 Nf6 2. b3 b6 3. Bb2 Bb7 4. g3 Nc6 5. Bg2 g6 6. d4 d5 7. O-O Bg7 8. Nbd2
O-O 9. c4 e6 10. Rc1 Qd6 11. c5 bxc5 12. Rxc5 Rfe8 13. e3 e5 14. Qc2 exd4 15.
Nxd4 Nb4 16. Qc3 a5 17. Rxc7 Nxa2 18. Qc5 Qa6 19. Nc2 Bf8 20. Qd4 Bg7 21. Bxd5
Bxd5 22. Re1 Rad8 23. Ra7 Qc6 24. e4 Bxe4 25. Nxe4 Rxd4 26. Nxf6+ Bxf6 27.
Rxe8+ Qxe8 28. Bxd4 Bxd4 29. Nxd4 Qe1+ 30. Kg2 Qe4+ 31. Nf3 Nc1 32. Rxa5 Nxb3
33. Re5 Qa8 34. Re3 Nd2 35. Rd3 Nxf3 36. Rxf3 g5 37. h4 g4 38. Kh2 Qxf3 39. Kg1
f5 40. h5 f4 41. h6 fxg3 42. fxg3 Qxg3+ 43. Kh1 Qh3+ 44. Kg1 Qxh6 45. Kg2 Qg5
46. Kg3 h5 47. Kg2 h4 48. Kh1 g3 49. Kg2 Qg4 50. Kg1 g2 51. Kf2 g1=Q# 0-1

[Event "Tournoi Skype 024B"]
[Site "Skype"]
[Date "????.??.??"]
[Round "7.15"]
[White "Erten, Ozlem"]
[Black "Harmelle, Dominique"]
[Result "0-1"]
[WhiteElo "1302"]
[BlackElo "1551"]
[PlyCount "88"]

1. d4 Nf6 2. Nf3 d5 3. c4 c6 4. Bg5 Bf5 5. Nc3 e6 6. e3 Nbd7 7. Nh4 Bg4 8. Qxg4
Nxg4 9. Bxd8 Rxd8 10. h3 Ngf6 11. Nf3 Bb4 12. Rc1 Ne4 13. a3 Bxc3+ 14. bxc3
dxc4 15. Bxc4 b5 16. Bd3 Nef6 17. Ne5 Nxe5 18. dxe5 Rxd3 19. exf6 gxf6 20. Ke2
Rd6 21. Rhd1 Ke7 22. Rxd6 Kxd6 23. Rd1+ Kc7 24. f4 f5 25. Rd4 h5 26. h4 Rg8 27.
Kf3 f6 28. a4 c5 29. Rd1 a6 30. a5 Rb8 31. Rc1 Kc6 32. Rb1 b4 33. cxb4 cxb4 34.
Rc1+ Kd5 35. Ke2 b3 36. Kd3 b2 37. Rb1 e5 38. Kc2 Ke4 39. fxe5 fxe5 40. Rxb2
Rxb2+ 41. Kxb2 Kxe3 42. Kc3 e4 43. Kc4 Kd2 44. Kd4 e3 0-1